Hội làng và dáng nét Việt Nam

Gardado en:
Detalles Bibliográficos
Autor Principal: Lý Khắc Cung
Formato: Libro
Idioma:Undetermined
Publicado: VHDT 2001
Những chủ đề:
Các nhãn: Engadir etiqueta
Sen Etiquetas, Sexa o primeiro en etiquetar este rexistro!
Thư viện lưu trữ: Trung tâm Học liệu Trường Đại học Cần Thơ
LEADER 00488nam a2200169Ia 4500
001 CTU_51968
008 210402s9999 xx 000 0 und d
020 |b 18000 
082 |a 394.269597 
082 |b C513 
100 |a Lý Khắc Cung 
245 0 |a Hội làng và dáng nét Việt Nam 
245 0 |c Lý Khắc Cung 
260 |b VHDT 
260 |c 2001 
650 |a folk festivals - vietnam,folklore - vietnam 
980 |a Trung tâm Học liệu Trường Đại học Cần Thơ